Los diez últimos días de Hitler / (Record no. 35030)

MARC details
000 -LEADER
campo de control de longitud fija 00607nam a2200205 i 4500
001 - NÚMERO DE CONTROL
campo de control 35030
003 - IDENTIFICADOR DE NÚMERO DE CONTROL
campo de control ES-MaACL
005 - FECHA Y HORA DE LA ÚLTIMA TRANSACCIÓN
campo de control 20240221121715.0
007 - CAMPO FIJO DE DESCRIPCIÓN FÍSICA--INFORMACIÓN GENERAL
campo de control de longitud fija t|
008 - DATOS DE LONGITUD FIJA--INFORMACIÓN GENERAL
campo de control de longitud fija 030211s1973 sp ||||1| spa d
100 1# - ENTRADA PRINCIPAL--NOMBRE DE PERSONA
Nombre de persona Boldt, Gerhard.
9 (RLIN) 29949
245 14 - MENCIÓN DEL TÍTULO
Título Los diez últimos días de Hitler /
Mención de responsabilidad, etc. Gerhard Boldt ; [versión... Jesús Ruiz].
250 ## - MENCION DE EDICION
Mención de edición [1ª ed.].
260 ## - PUBLICACIÓN, DISTRIBUCIÓN, ETC.
Lugar de publicación, distribución, etc. Barcelona :
Nombre del editor, distribuidor, etc. Caralt,
Fecha de publicación, distribución, etc. [1973]
300 ## - DESCRIPCIÓN FÍSICA
Extensión 204 p., 16 lám. ;
Dimensiones 22 cm.
600 14 - PUNTO DE ACCESO ADICIONAL DE MATERIA--NOMBRE DE PERSONA
Nombre de persona Hitler, Adolf,
Fechas asociadas al nombre 1889-1945
9 (RLIN) 63836
700 1# - ENTRADA AGREGADA--NOMBRE PERSONAL
Nombre de persona Ruiz, Jesús.
9 (RLIN) 100613
852 ## - LOCALIZACIÓN
Ubicación ES-MaACL
Número de control de estantería C-55963
Sublocalización o colección R.88507
Holdings
Estatus retirado Estado de pérdida Estado de daño No para préstamo Biblioteca de origen Biblioteca actual Ubicación en estantería Fecha de adquisición Fuente de adquisición Total de préstamos Signatura topográfica completa Código de barras Visto por última vez Precio de reemplazo Tipo de ítem Koha
        Biblioteca del Ateneo de Madrid Biblioteca del Ateneo de Madrid Depósito 2 17/01/2008     C-55963 1036616 23/02/2023 23/02/2023 Libro impreso